000
00283nam a22001217a 4500
008
190227b xxu||||| |||| 00| 0 eng d
041
_a
eng
080
_a
616.12
100
_a
7
101
_a
KARD
245
_a
Giving Cardiovascular drugs safely
_c
Jackson,E.W
942
_2
udc
_c
BK
999
_c
54332
_d
54332